वन्देमातरम / (Record no. 117068)
[ view plain ]
| 000 -LEADER | |
|---|---|
| fixed length control field | 01191nam a22002777a 4500 |
| 003 - CONTROL NUMBER IDENTIFIER | |
| control field | dpl |
| 005 - DATE AND TIME OF LATEST TRANSACTION | |
| control field | 20180908124813.0 |
| 008 - FIXED-LENGTH DATA ELEMENTS--GENERAL INFORMATION | |
| fixed length control field | 180908b xxu||||| |||| 00| 0 eng d |
| 010 ## - LIBRARY OF CONGRESS CONTROL NUMBER | |
| LC control number | B-070833 |
| 020 ## - INTERNATIONAL STANDARD BOOK NUMBER | |
| Terms of availability | 500.00 |
| International Standard Book Number | 8170543011 |
| 035 ## - SYSTEM CONTROL NUMBER | |
| System control number | B-070833, B-070834 |
| 037 ## - SOURCE OF ACQUISITION | |
| Source of stock number/acquisition | Cen Lib/Ret |
| 040 ## - CATALOGING SOURCE | |
| Original cataloging agency | DPL |
| Language of cataloging | HN |
| Transcribing agency | 0 |
| 082 ## - DEWEY DECIMAL CLASSIFICATION NUMBER | |
| Classification number | उ |
| Item number | बहोरे |
| 100 ## - MAIN ENTRY--PERSONAL NAME | |
| Personal name | बहोरे, रविन्द्र नाथ |
| 9 (RLIN) | 45784 |
| 245 ## - TITLE STATEMENT | |
| Title | वन्देमातरम / |
| Statement of responsibility, etc | रवीन्द्र नाथ बहोरे |
| 246 ## - VARYING FORM OF TITLE | |
| Title proper/short title | Vandematram |
| Remainder of title | by Ravindranath Bahore |
| 260 ## - PUBLICATION, DISTRIBUTION, ETC. (IMPRINT) | |
| Place of publication, distribution, etc | नई दिल्ली |
| Name of publisher, distributor, etc | क्लासिकल पब्लिशिंग |
| Date of publication, distribution, etc | 2002 |
| 270 ## - ADDRESS | |
| Address | 28, शापिंग सेण्टर करमपुरा |
| City | नई दिल्ली |
| Postal code | 110015 |
| 300 ## - PHYSICAL DESCRIPTION | |
| Extent | 298पृष्ठ. |
| Dimensions | 21सेमी(सजिल्द) |
| 650 ## - SUBJECT ADDED ENTRY--TOPICAL TERM | |
| Topical term or geographic name as entry element | हिंदी साहित्य |
| 9 (RLIN) | 69902 |
| 650 ## - SUBJECT ADDED ENTRY--TOPICAL TERM | |
| Topical term or geographic name as entry element | राष्ट्रीय क्रांतिकारी उपन्यास |
| 9 (RLIN) | 69903 |
| 650 ## - SUBJECT ADDED ENTRY--TOPICAL TERM | |
| Topical term or geographic name as entry element | Hindi literature |
| 9 (RLIN) | 69904 |
| 650 ## - SUBJECT ADDED ENTRY--TOPICAL TERM | |
| Topical term or geographic name as entry element | National Revolutionary Novel |
| 9 (RLIN) | 69905 |
| 942 ## - ADDED ENTRY ELEMENTS (KOHA) | |
| Source of classification or shelving scheme | Dewey Decimal Classification |
| Koha item type | Hindi Books |
| Classification part | उ |
| Call number suffix | बहोरे |
| Withdrawn status | Lost status | Damaged status | Not for loan | Home library | Current library | Date acquired | Source of acquisition | Cost, normal purchase price | Total Checkouts | Full call number | Barcode | Date last seen | Copy number | Cost, replacement price | Price effective from | Koha item type | Public note | Source of classification or shelving scheme | Collection code | Shelving location | Total Renewals | Date checked out |
|---|---|---|---|---|---|---|---|---|---|---|---|---|---|---|---|---|---|---|---|---|---|---|
| Written off | Central Library | Central Library | 26/08/2015 | Cen Lib /Ret | 500.00 | उ बहोरे | B-070833 | 26/08/2015 | 1 | 500.00 | 26/08/2015 | Hindi Books | Written off on approval by DLB (By Circulation); dtd 15-06-2023 | |||||||||
| Patel Nagar | Patel Nagar | 13/12/2018 | BPPD/PUB | 500.00 | 1 | उ बहोरे | B-070834 | 24/08/2024 | 500.00 | Hindi Books | Dewey Decimal Classification | Fiction | General Stacks | 1 | 27/07/2024 |
